[Event "Open B Estate Alfieri"]
[Site "Torino ITA"]
[Date "2011.05.03"]
[Round "1"]
[White "Blundo, Michele"]
[Black "Zanella, Wainer"]
[Result "0-1"]
[WhiteElo "1728"]
[BlackElo "1668"]
[PlyCount "30"]
[EventDate "2011.05.03"]

1. d4 d5 2. c4 e5 3. dxe5 d4 4. Nf3 Nc6 5. a3 Nge7 6. g3 Ng6 7. Bg2 Ngxe5 8.
Nbd2 Nxf3+ 9. Nxf3 Be6 10. b3 Qd7 11. Bb2 O-O-O 12. h4 h6 13. Qd3 Be7 14. b4
Bf6 15. O-O-O Kb8 0-1

[Event "Open B Estate Alfieri"]
[Site "Torino ITA"]
[Date "2011.05.03"]
[Round "1"]
[White "Cavezzana, Davide"]
[Black "Fassio, Francesco"]
[Result "1-0"]
[WhiteElo "1741"]
[BlackElo "1661"]
[PlyCount "41"]
[EventDate "2011.05.03"]

1. e4 e5 2. Nf3 Nf6 3. Nc3 Nc6 4. d4 exd4 5. Nxd4 Nxd4 6. Qxd4 d6 7. Bg5 c5 8.
Qa4+ Bd7 9. Bb5 Be7 10. O-O-O a6 11. Bxd7+ Nxd7 12. Bxe7 Qxe7 13. Nd5 Qd8 14.
Qb3 b5 15. Qg3 O-O 16. Qxd6 Ra7 17. Ne7+ Kh8 18. Nc6 Qg5+ 19. f4 Qxg2 20. Nxa7
Qxe4 21. Rhe1 1-0

[Event "Open B Estate Alfieri"]
[Site "Torino ITA"]
[Date "2011.05.03"]
[Round "1"]
[White "Iacomussi, Mario"]
[Black "Calderone, Luigi"]
[Result "1/2-1/2"]
[WhiteElo "1755"]
[BlackElo "1684"]
[PlyCount "40"]
[EventDate "2011.05.03"]

1. d4 d5 2. c4 c6 3. Nc3 e6 4. e3 Be7 5. Nf3 Nf6 6. Be2 O-O 7. O-O Nbd7 8. h3
h6 9. a4 a5 10. cxd5 exd5 11. Bd3 Nb6 12. Bd2 Bd6 13. Re1 Re8 14. e4 dxe4 15.
Nxe4 Nxe4 16. Bxe4 Be6 17. Bc3 Qc7 18. Qc2 Bd5 19. Bxd5 Nxd5 20. Bd2 Qd7
1/2-1/2

[Event "Open B Estate Alfieri"]
[Site "Torino ITA"]
[Date "2011.05.03"]
[Round "1"]
[White "Vozza, Augusto"]
[Black "Trusso Cafarello, Sebastiano"]
[Result "1/2-1/2"]
[WhiteElo "1566"]
[BlackElo "1697"]
[PlyCount "97"]
[EventDate "2011.05.03"]

1. e4 c5 2. Nf3 d6 3. d3 Nf6 4. Nbd2 Nc6 5. c3 g6 6. g3 Bg7 7. Bg2 O-O 8. O-O
Bg4 9. Re1 Qc8 10. Nf1 Bh3 11. Ne3 Bxg2 12. Kxg2 Qc7 13. Nd5 Nxd5 14. exd5 Ne5
15. Nxe5 Bxe5 16. Bh6 Bg7 17. Qd2 Qd7 18. Re4 e5 19. dxe6 fxe6 20. Rae1 Rae8
21. Bxg7 Kxg7 22. Qe3 e5 23. f4 Qc6 24. Kg1 exf4 25. gxf4 Rxe4 26. dxe4 Qb6 27.
Re2 Qa6 28. b3 Rxf4 29. Qxf4 Qxe2 30. Qxd6 Qxe4 31. Qxc5 Qb1+ 32. Kg2 Qxa2+ 33.
Kg3 Qxb3 34. Qe7+ Qf7 35. Qe5+ Kh6 36. h4 Qf5 37. Qe3+ g5 38. Qxa7 Qf4+ 39. Kg2
Qd2+ 40. Kf1 Qxc3 41. hxg5+ Kxg5 42. Qxb7 Qd3+ 43. Kg2 Qg6 44. Qf3 Kh4+ 45. Kf2
Qc2+ 46. Kg1 Qc1+ 47. Kh2 Qd2+ 48. Qg2 Qf4+ 49. Kh1 1/2-1/2

[Event "Open B Estate Alfieri"]
[Site "Torino ITA"]
[Date "2011.05.10"]
[Round "2"]
[White "Calderone, Luigi"]
[Black "Cavezzana, Davide"]
[Result "1-0"]
[WhiteElo "1684"]
[BlackElo "1741"]
[PlyCount "65"]
[EventDate "2011.05.03"]

1. e4 c5 2. Nf3 d6 3. d4 cxd4 4. Nxd4 Nf6 5. Nc3 a6 6. Be3 e5 7. Nb3 Be6 8. a4
b6 9. Be2 Be7 10. O-O Nbd7 11. f3 O-O 12. Nd5 Bxd5 13. exd5 Nc5 14. Nxc5 bxc5
15. Bc4 Qa5 16. Bd2 Qb6 17. Bc3 Rfe8 18. Kh1 e4 19. fxe4 Nxe4 20. Bxg7 Kxg7 21.
Qg4+ Ng5 22. h4 Qd8 23. hxg5 Bxg5 24. Qh5 Rf8 25. Bd3 h6 26. Qg4 Qc8 27. Rf5 f6
28. Re1 Re8 29. Re6 Rxe6 30. dxe6 Qf8 31. Qe4 Qh8 32. Rxf6 Kxf6 33. Qf5+ 1-0

[Event "Open B Estate Alfieri"]
[Site "Torino ITA"]
[Date "2011.05.10"]
[Round "2"]
[White "Trusso Cafarello, Sebastiano"]
[Black "Fassio, Francesco"]
[Result "1-0"]
[WhiteElo "1697"]
[BlackElo "1661"]
[PlyCount "89"]
[EventDate "2011.05.03"]

1. e4 e5 2. Nf3 Nf6 3. Nxe5 d6 4. Nf3 Nxe4 5. d4 d5 6. Bd3 Be7 7. O-O O-O 8.
Nc3 Nxc3 9. bxc3 c5 10. dxc5 Bxc5 11. Bg5 Qc7 12. Nd4 Bd7 13. Qh5 g6 14. Qh6
Re8 15. Rae1 Bf8 16. Rxe8 Bxe8 17. Qh4 Qxc3 18. Bf6 Bg7 19. Bxg7 Kxg7 20. Nf3
Qf6 21. Qb4 b6 22. Nd4 Nc6 23. Nxc6 Bxc6 24. a4 Re8 25. a5 bxa5 26. Qxa5 Re7
27. Qc5 Ba8 28. Qc8 Qc6 29. Qg4 a5 30. h4 h5 31. Qd4+ Kg8 32. Rb1 Rb7 33. Re1
Rb8 34. Ra1 Rb4 35. Qa7 d4 36. f3 a4 37. Be4 Qf6 38. Qxa8+ Kg7 39. Qa5 Rb2 40.
Qxa4 Qd8 41. Rd1 Kh7 42. Qxd4 Qb8 43. Qf6 Rb7 44. Bxb7 Qxb7 45. Rd8 1-0

[Event "Open B Estate Alfieri"]
[Site "Torino ITA"]
[Date "2011.05.10"]
[Round "2"]
[White "Vozza, Augusto"]
[Black "Blundo, Michele"]
[Result "1-0"]
[WhiteElo "1566"]
[BlackElo "1728"]
[PlyCount "67"]
[EventDate "2011.05.03"]

1. e4 c5 2. Nf3 d6 3. g3 Nc6 4. Bg2 Nf6 5. d3 Bd7 6. O-O e6 7. c3 Be7 8. Re1 e5
9. a3 a5 10. a4 Qc8 11. Nbd2 Na7 12. Nc4 Qc7 13. Bd2 O-O 14. Ng5 Nc6 15. Ne3 h6
16. Nf3 Qc8 17. Nh4 g6 18. Qb3 Kg7 19. Qd1 Bd8 20. Qc1 Ng8 21. Nf3 Nce7 22. Nc4
Bc7 23. Ne3 f5 24. Nd5 Nxd5 25. exd5 f4 26. gxf4 Bh3 27. Bxh3 Qxh3 28. Qd1 Rf5
29. Kh1 Nf6 30. Rg1 Ng4 31. Rg2 Raf8 32. Qe2 exf4 33. Rag1 g5 34. Rxg4 1-0

[Event "Open B Estate Alfieri"]
[Site "Torino ITA"]
[Date "2011.05.10"]
[Round "2"]
[White "Zanella, Wainer"]
[Black "Iacomussi, Mario"]
[Result "1/2-1/2"]
[WhiteElo "1668"]
[BlackElo "1755"]
[PlyCount "87"]
[EventDate "2011.05.03"]

1. d4 Nf6 2. f3 d5 3. e4 dxe4 4. Nc3 exf3 5. Nxf3 g6 6. Bc4 Bg7 7. Ne5 O-O 8.
O-O c6 9. Be3 Nd5 10. Qf3 Be6 11. Nxd5 cxd5 12. Bd3 Nc6 13. Nxc6 bxc6 14. c3
Qd7 15. Bg5 Rac8 16. b4 Bg4 17. Qe3 f6 18. Bh6 Rf7 19. Bxg7 Kxg7 20. h3 Be6 21.
Rae1 Bf5 22. Bxf5 gxf5 23. Qe6 Qxe6 24. Rxe6 Kg6 25. Rf3 Kg5 26. Kf2 f4 27. h4+
Kf5 28. Re1 Rg8 29. g3 Rg4 30. Rxf4+ Rxf4+ 31. gxf4 Kxf4 32. Re6 Kg4 33. Rxc6
e5 34. dxe5 fxe5+ 35. Ke2 Kf4 36. Rc5 Ke4 37. a4 Rg7 38. Kf2 Rd7 39. b5 Kd3 40.
a5 e4 41. b6 axb6 42. axb6 e3+ 43. Ke1 d4 44. cxd4 1/2-1/2

[Event "Open B Estate Alfieri"]
[Site "Torino ITA"]
[Date "2011.05.17"]
[Round "3"]
[White "Blundo, Michele"]
[Black "Trusso Cafarello, Sebastiano"]
[Result "1-0"]
[WhiteElo "1728"]
[BlackElo "1697"]
[PlyCount "76"]
[EventDate "2011.05.03"]

1. d4 d5 2. Nf3 Nf6 3. e3 e6 4. Be2 Bd6 5. Nbd2 O-O 6. c4 c6 7. c5 Bc7 8. b4 a6
9. Bb2 Nbd7 10. a4 Qe7 11. Ne5 Nxe5 12. dxe5 Nd7 13. Nf3 f5 14. h4 b6 15. Ba3
bxc5 16. bxc5 Nxe5 17. Nd4 Bd7 18. g3 Ba5+ 19. Kf1 Qf7 20. Kg2 Ng4 21. Nf3 Bc3
22. Rb1 e5 23. Qc2 d4 24. exd4 Bxd4 25. Rb7 Qe8 26. Bc4+ Be6 27. Nxd4 exd4 28.
Re1 Rf6 29. Bxe6+ Rxe6 30. Qc4 Kh8 31. Rxe6 Qg8 32. Rbe7 Rd8 33. Qd3 Qf8 34.
Bc1 h6 35. Bf4 Nf6 36. Qxf5 Rd5 37. Qg6 Rd7 38. Rxd7 Nxd7 1-0

[Event "Open B Estate Alfieri"]
[Site "Torino ITA"]
[Date "2011.05.17"]
[Round "3"]
[White "Cavezzana, Davide"]
[Black "Zanella, Wainer"]
[Result "1-0"]
[WhiteElo "1741"]
[BlackElo "1668"]
[PlyCount "31"]
[EventDate "2011.05.03"]

1. e4 Nf6 2. e5 Nd5 3. d4 d6 4. c4 Nb6 5. f4 dxe5 6. fxe5 c5 7. d5 g6 8. Nf3
Bg4 9. h3 Bxf3 10. Qxf3 Bg7 11. Bf4 O-O 12. Nc3 e6 13. Rd1 exd5 14. Nxd5 Re8
15. Be2 Bxe5 16. Bxe5 1-0

[Event "Open B Estate Alfieri"]
[Site "Torino ITA"]
[Date "2011.05.17"]
[Round "3"]
[White "Fassio, Francesco"]
[Black "Calderone, Luigi"]
[Result "0-1"]
[WhiteElo "1661"]
[BlackElo "1684"]
[PlyCount "84"]
[EventDate "2011.05.03"]

1. c4 Nf6 2. Nc3 d5 3. cxd5 Nxd5 4. g3 e5 5. Bg2 Nf6 6. d3 c6 7. Bd2 Be6 8. Nf3
Nbd7 9. O-O Be7 10. a3 h6 11. b4 O-O 12. Rc1 c5 13. bxc5 Bxc5 14. Nb1 Qb6 15.
Bb4 Bxb4 16. axb4 Qxb4 17. Rc7 Rac8 18. Qc1 Rxc7 19. Qxc7 Nd5 20. Qc2 Qd6 21.
Rc1 b5 22. Nfd2 a5 23. Ne4 Qb6 24. Na3 Rb8 25. Qb2 f6 26. Rb1 Ne7 27. Nd2 b4
28. Nac4 Qa6 29. Qc2 a4 30. Na3 Qa7 31. Nac4 Nd5 32. Ne4 Nc3 33. Ned6 Nxb1 34.
Qxb1 a3 35. Qa2 Nb6 36. Nb5 Qf7 37. Nbxa3 bxa3 38. Qxa3 Nxc4 39. dxc4 Rb1+ 40.
Bf1 Bh3 41. Qa8+ Qf8 42. Qd5+ Kh8 0-1

[Event "Open B Estate Alfieri"]
[Site "Torino ITA"]
[Date "2011.05.24"]
[Round "4"]
[White "Blundo, Michele"]
[Black "Iacomussi, Mario"]
[Result "0-1"]
[WhiteElo "1728"]
[BlackElo "1755"]
[PlyCount "94"]
[EventDate "2011.05.03"]

1. d4 Nf6 2. c4 e6 3. Nc3 c5 4. d5 exd5 5. cxd5 d6 6. e4 g6 7. Nf3 Bg7 8. Be2
O-O 9. h3 Re8 10. Qc2 a6 11. a4 Nbd7 12. Rb1 Qe7 13. Nd2 Nb6 14. b3 Nfxd5 15.
Nxd5 Nxd5 16. Bf3 Nb4 17. Qc4 Be6 18. Qe2 Nc2+ 19. Kf1 Nd4 20. Qd1 b5 21. Bb2
Nxf3 22. Nxf3 Bxb2 23. Rxb2 bxa4 24. bxa4 Bc4+ 25. Kg1 Qf6 26. Rd2 Rad8 27. h4
Rxe4 28. Qc2 Rde8 29. Qd1 d5 30. Rh3 Be2 31. Qc2 Bxf3 32. gxf3 R4e5 33. Qd1 Qf5
34. Kg2 d4 35. Rd3 Qf4 36. h5 Re1 37. Qd2 Qxd2 38. Rxd2 Rc1 39. f4 Ree1 40. f5
gxh5 41. Rxh5 Rg1+ 42. Kf3 Rc3+ 43. Ke4 Re1+ 44. Kd5 d3 45. Rg5+ Kf8 46. Rb2
Re8 47. f3 Rd8+ 0-1

[Event "Open B Estate Alfieri"]
[Site "Torino ITA"]
[Date "2011.05.24"]
[Round "4"]
[White "Trusso Cafarello, Sebastiano"]
[Black "Calderone, Luigi"]
[Result "1/2-1/2"]
[WhiteElo "1697"]
[BlackElo "1684"]
[PlyCount "93"]
[EventDate "2011.05.03"]

1. e4 e5 2. Nf3 Nc6 3. Bc4 Bc5 4. b4 Bb6 5. O-O d6 6. h3 Nf6 7. b5 Nd4 8. Nxd4
Bxd4 9. c3 Bb6 10. d3 h6 11. a4 a6 12. Be3 axb5 13. Bxb5+ c6 14. Bc4 O-O 15.
Qe2 Bc7 16. Nd2 d5 17. exd5 Nxd5 18. Bxd5 cxd5 19. Nf3 Re8 20. Qb2 Qf6 21. Qb4
e4 22. dxe4 Rxe4 23. Qc5 Qc6 24. Qxc6 bxc6 25. Nd4 Be6 26. Nxc6 Rexa4 27. Rxa4
Rxa4 28. Bd4 Rc4 29. Ne5 Ra4 30. Re1 Bd6 31. Nd3 Bf5 32. Ne5 Bc7 33. g4 Be4 34.
f3 Bxe5 35. Bxe5 Bxf3 36. Kf2 Be4 37. Bd4 f6 38. Ke3 Kf7 39. h4 f5 40. Rf1 Ke6
41. gxf5+ Bxf5 42. Kf4 g6 43. Re1+ Kf7 44. h5 Ra8 45. hxg6+ Bxg6 46. Re5 Rd8
47. Kg4 1/2-1/2

[Event "Open B Estate Alfieri"]
[Site "Torino ITA"]
[Date "2011.05.24"]
[Round "4"]
[White "Vozza, Augusto"]
[Black "Cavezzana, Davide"]
[Result "0-1"]
[WhiteElo "1566"]
[BlackElo "1741"]
[PlyCount "50"]
[EventDate "2011.05.03"]

1. e4 e5 2. Nf3 Nf6 3. Nxe5 d6 4. Nf3 Nxe4 5. d4 d5 6. Bd3 Be7 7. O-O Nc6 8. c4
Nb4 9. cxd5 Nxd3 10. Qxd3 Qxd5 11. Re1 Bf5 12. Nc3 Nxc3 13. Qxc3 Be6 14. Bh6
gxh6 15. Re5 Qd6 16. d5 O-O-O 17. dxe6 Bf6 18. Qe3 Bxe5 19. Nxe5 Qxe6 20. Qxa7
Qxe5 21. Qa8+ Kd7 22. Rd1+ Ke7 23. Qa3+ Kf6 24. Qf3+ Kg6 25. Qg4+ Qg5 0-1

[Event "Open B Estate Alfieri"]
[Site "Torino ITA"]
[Date "2011.05.24"]
[Round "4"]
[White "Zanella, Wainer"]
[Black "Fassio, Francesco"]
[Result "0-1"]
[WhiteElo "1668"]
[BlackElo "1661"]
[PlyCount "106"]
[EventDate "2011.05.03"]

1. d4 d5 2. e4 dxe4 3. f3 e3 4. Bxe3 Nf6 5. Bc4 Bf5 6. Ne2 e6 7. Nbc3 c6 8. Ng3
Bg6 9. Qd2 Nbd7 10. Nce2 h6 11. O-O-O Be7 12. Rhe1 Nb6 13. Bb3 Nbd5 14. Nf4 Bh7
15. Bxd5 cxd5 16. Nd3 Bxd3 17. Qxd3 O-O 18. Qb5 Qc7 19. Rd3 a6 20. Qb3 b5 21.
Bd2 Rfc8 22. Rc3 Qb7 23. Rxc8+ Rxc8 24. Bb4 Bxb4 25. Qxb4 Rc4 26. Qd2 Qc7 27.
Nf1 Rc6 28. Qd3 Nd7 29. Ne3 Nb6 30. Ng4 Qc8 31. Ne5 Rc7 32. f4 b4 33. b3 a5 34.
g4 Rc3 35. Qd2 a4 36. Kb1 axb3 37. cxb3 Nd7 38. Rc1 Nf6 39. Rxc3 bxc3 40. Qc2
Ne4 41. b4 f6 42. Nd3 Qc4 43. a4 Qxd4 44. b5 Qb6 45. Nb4 d4 46. Qxe4 Qd6 47.
Nc6 d3 48. Qb4 c2+ 49. Kb2 Qd7 50. Qd2 e5 51. fxe5 fxe5 52. Nxe5 Qd4+ 53. Kc1
Qxe5 0-1

[Event "Open B Estate Alfieri"]
[Site "Torino ITA"]
[Date "2011.06.07"]
[Round "5"]
[White "Calderone, Luigi"]
[Black "Zanella, Wainer"]
[Result "1/2-1/2"]
[WhiteElo "1684"]
[BlackElo "1668"]
[PlyCount "93"]
[EventDate "2011.05.03"]

1. e4 Nf6 2. e5 Nd5 3. c4 Nb6 4. d4 d6 5. Nf3 Bg4 6. Qd3 c6 7. exd6 exd6 8. Be2
Be7 9. O-O Bh5 10. Nc3 Bg6 11. Qd1 O-O 12. Be3 Bf6 13. Rc1 Re8 14. Bd3 Bxd3 15.
Qxd3 a5 16. d5 Na6 17. Ne4 Bxb2 18. Neg5 g6 19. Rb1 Rxe3 20. fxe3 Bg7 21. Qb3
Nd7 22. Qxb7 Qe8 23. Qxc6 Bf8 24. Kh1 Nb4 25. Qa4 Qd8 26. Qb3 Nc5 27. Qb2 Bg7
28. Qe2 Ra7 29. Nd4 Qxg5 30. a3 Nba6 31. Nc6 Rc7 32. Nxa5 Re7 33. Rf3 Bd4 34.
Re1 Bc3 35. Nc6 Bxe1 36. Nxe7+ Qxe7 37. Qxe1 Qe4 38. Qf1 f5 39. h3 Nd7 40. Qe2
Ne5 41. Rf4 Qb1+ 42. Kh2 Nc5 43. Qd2 Qb3 44. Qa5 Qxe3 45. Qd8+ Kg7 46. Qe7+ Kg8
47. Qe8+ 1/2-1/2

[Event "Open B Estate Alfieri"]
[Site "Torino ITA"]
[Date "2011.06.07"]
[Round "5"]
[White "Cavezzana, Davide"]
[Black "Blundo, Michele"]
[Result "1/2-1/2"]
[WhiteElo "1741"]
[BlackElo "1728"]
[PlyCount "25"]
[EventDate "2011.05.03"]

1. e4 c5 2. Nc3 e6 3. g3 Nc6 4. Bg2 d6 5. Nf3 Be7 6. O-O Bd7 7. d3 Rc8 8. Re1
a6 9. a4 Qc7 10. Bf4 Nd4 11. Ne2 e5 12. Be3 Nf6 13. c3 1/2-1/2

[Event "Open B Estate Alfieri"]
[Site "Torino ITA"]
[Date "2011.06.07"]
[Round "5"]
[White "Fassio, Francesco"]
[Black "Vozza, Augusto"]
[Result "1-0"]
[WhiteElo "1661"]
[BlackElo "1566"]
[PlyCount "57"]
[EventDate "2011.05.03"]

1. c4 c6 2. Nf3 d5 3. e3 Bg4 4. h3 Bh5 5. d4 Nf6 6. Nc3 e6 7. a3 Nbd7 8. Bd3 e5
9. cxd5 exd4 10. exd4 cxd5 11. O-O Be7 12. Bf4 a6 13. Be2 O-O 14. Re1 Re8 15.
Ne5 Nb6 16. Bxh5 Nxh5 17. Qxh5 Bf6 18. Qxf7+ Kh8 19. Qh5 Bxe5 20. Bxe5 Re7 21.
b3 Rc8 22. Rac1 Qd7 23. Ne2 Rc6 24. Rxc6 bxc6 25. Ng3 Kg8 26. Qf5 Qe8 27. Qg4
Nd7 28. Nf5 Nxe5 29. Rxe5 1-0

[Event "Open B Estate Alfieri"]
[Site "Torino ITA"]
[Date "2011.06.07"]
[Round "5"]
[White "Iacomussi, Mario"]
[Black "Trusso Cafarello, Sebastiano"]
[Result "0-1"]
[WhiteElo "1755"]
[BlackElo "1697"]
[PlyCount "78"]
[EventDate "2011.05.03"]

1. c4 Nf6 2. Nc3 g6 3. g3 Bg7 4. Bg2 O-O 5. d4 d6 6. Nf3 a5 7. Bg5 h6 8. Bxf6
Bxf6 9. e4 Bg7 10. d5 Na6 11. Rb1 Bd7 12. Nd4 Qc8 13. h4 Nc5 14. O-O Bh3 15. b4
Bxg2 16. Kxg2 axb4 17. Rxb4 Qd7 18. a4 c6 19. f3 Na6 20. dxc6 bxc6 21. Rb6 c5
22. Nde2 Nb4 23. f4 Qe6 24. Qb3 Qg4 25. Rf3 Qd7 26. Rb5 Nc6 27. Rb7 Qe6 28. Qa2
Na5 29. f5 Qe5 30. Rb5 Nc6 31. Qb1 Nd4 32. Nxd4 Qxd4 33. Nd5 Rxa4 34. Nxe7+ Kh8
35. Nc6 Qxc4 36. f6 Ra2+ 37. Kh3 Qe6+ 38. g4 Bxf6 39. Rg3 h5 0-1

[Event "Open B Estate Alfieri"]
[Site "Torino ITA"]
[Date "2011.06.14"]
[Round "6"]
[White "Blundo, Michele"]
[Black "Fassio, Francesco"]
[Result "1/2-1/2"]
[WhiteElo "1728"]
[BlackElo "1661"]
[PlyCount "102"]
[EventDate "2011.05.03"]

1. d4 d5 2. c4 c6 3. cxd5 cxd5 4. Nc3 Nf6 5. Bf4 Nc6 6. Nf3 a6 7. e3 e6 8. a3
Bd6 9. Be5 O-O 10. Bd3 Bxe5 11. Nxe5 Nxe5 12. dxe5 Nd7 13. f4 Nc5 14. Bc2 b5
15. O-O Bb7 16. Rf3 f5 17. Rh3 g6 18. Ne2 Qe7 19. Nd4 Rac8 20. Nf3 Kg7 21. b4
Nd7 22. Bb3 Nb6 23. Qe1 Nc4 24. a4 bxa4 25. Bxa4 Nb2 26. Bb3 Nd3 27. Qd2 Nxb4
28. Rc1 Rxc1+ 29. Qxc1 Nd3 30. Qd2 Nb4 31. Ng5 h6 32. Nxe6+ Qxe6 33. Qxb4 Ba8
34. Rf3 Rc8 35. Rf1 Qe8 36. Qd4 Qe6 37. Rd1 Rd8 38. Qa7+ Kh8 39. Rc1 Rc8 40.
Rxc8+ Qxc8 41. Qb6 Qc1+ 42. Kf2 Qd2+ 43. Kg3 Qe2 44. Qd4 Qe1+ 45. Kh3 g5 46.
e6+ Kg8 47. fxg5 hxg5 48. g4 Qf1+ 49. Kg3 Qg1+ 50. Kh3 Qf1+ 51. Kg3 Qg1+
1/2-1/2

[Event "Open B Estate Alfieri"]
[Site "Torino ITA"]
[Date "2011.06.14"]
[Round "6"]
[White "Iacomussi, Mario"]
[Black "Cavezzana, Davide"]
[Result "1-0"]
[WhiteElo "1755"]
[BlackElo "1741"]
[PlyCount "63"]
[EventDate "2011.05.03"]

1. Nf3 d5 2. d4 Nf6 3. g3 Bf5 4. Bg2 c6 5. Bg5 Qb6 6. b3 Nbd7 7. O-O e6 8. c4
Be7 9. Nc3 O-O 10. Ne5 Qd8 11. cxd5 cxd5 12. a3 Nxe5 13. dxe5 Nd7 14. Bxe7 Qxe7
15. Qd2 Nxe5 16. h3 Rfe8 17. Qd4 Qf6 18. Rad1 Bc2 19. Rd2 Bg6 20. f4 Nd7 21.
Qxf6 Nxf6 22. f5 Bh5 23. g4 Nxg4 24. hxg4 Bxg4 25. Rf4 Bh5 26. e4 dxe4 27. Nxe4
Rad8 28. Rxd8 Rxd8 29. Rh4 Bd1 30. b4 Rd3 31. Nc5 Rxa3 32. Rd4 1-0

[Event "Open B Estate Alfieri"]
[Site "Torino ITA"]
[Date "2011.06.14"]
[Round "6"]
[White "Trusso Cafarello, Sebastiano"]
[Black "Zanella, Wainer"]
[Result "1-0"]
[WhiteElo "1697"]
[BlackElo "1668"]
[PlyCount "41"]
[EventDate "2011.05.03"]

1. e4 Nf6 2. e5 Nd5 3. c4 Nb6 4. d4 d6 5. exd6 exd6 6. Nf3 Be7 7. Bd3 O-O 8.
O-O Bg4 9. h3 Bh5 10. Nbd2 Bf6 11. Qc2 Bg6 12. Bxg6 fxg6 13. Ne4 Nc6 14. Bg5
Bxg5 15. Nexg5 Qf6 16. Rae1 Rae8 17. c5 Nc8 18. Qc4+ Kh8 19. Rxe8 Rxe8 20. Nf7+
Kg8 21. Nxd6+ 1-0

[Event "Open B Estate Alfieri"]
[Site "Torino ITA"]
[Date "2011.06.14"]
[Round "6"]
[White "Vozza, Augusto"]
[Black "Calderone, Luigi"]
[Result "1/2-1/2"]
[WhiteElo "1566"]
[BlackElo "1684"]
[PlyCount "100"]
[EventDate "2011.05.03"]

1. e4 e5 2. Nf3 Nc6 3. Bb5 a6 4. Bxc6 dxc6 5. O-O Bd6 6. d4 Qe7 7. dxe5 Bxe5 8.
Nxe5 Qxe5 9. Nd2 Nf6 10. Nf3 Qh5 11. Bf4 O-O 12. Ne5 Qxd1 13. Raxd1 Nxe4 14.
Nc4 b5 15. Na5 c5 16. f3 Nf6 17. Bxc7 Be6 18. a3 Nd5 19. Bd6 Rfc8 20. Rfe1 h6
21. Nb3 c4 22. Nd4 Re8 23. Nxe6 Rxe6 24. Rxe6 fxe6 25. c3 Nf6 26. Re1 Kf7 27.
Be5 Rd8 28. Bxf6 Kxf6 29. Kf2 h5 30. h3 h4 31. Re4 Rd2+ 32. Re2 Rxe2+ 33. Kxe2
Kf5 34. Kf1 e5 35. Ke2 Kf4 36. Kf2 g6 37. Ke2 e4 38. fxe4 Kxe4 39. Kd2 Kf4 40.
Ke2 Kg3 41. Kf1 g5 42. Kg1 Kf4 43. Kf2 g4 44. hxg4 Kxg4 45. Kf1 h3 46. gxh3+
Kxh3 47. Ke2 Kg2 48. Kd2 Kf2 49. Kc2 Ke2 50. b3 Ke3 1/2-1/2

[Event "Open B Estate Alfieri"]
[Site "Torino ITA"]
[Date "2011.06.21"]
[Round "7"]
[White "Calderone, Luigi"]
[Black "Blundo, Michele"]
[Result "0-1"]
[WhiteElo "1684"]
[BlackElo "1728"]
[PlyCount "70"]
[EventDate "2011.05.03"]

1. e4 c5 2. Nf3 d6 3. d4 cxd4 4. Nxd4 Nf6 5. Nc3 a6 6. Be3 Bd7 7. f3 e6 8. Qd2
Be7 9. O-O-O Nc6 10. Nb3 b5 11. g4 Ne5 12. Qf2 Nfxg4 13. Qe2 Nxe3 14. Qxe3 Rc8
15. f4 h6 16. Qg3 Ng6 17. Bh3 Qc7 18. Rd2 b4 19. Ne2 O-O 20. Kb1 Bf6 21. Qd3
Bb5 22. Qg3 Bxe2 23. Rxe2 Qc4 24. Bf1 Qc7 25. Qe3 e5 26. f5 Bg5 27. Qf3 Nf4 28.
Rf2 a5 29. Bd3 Qb6 30. Rhf1 a4 31. Nd2 Qd4 32. Nc4 a3 33. Qe3 Rxc4 34. Qxd4
Rxd4 35. Rd1 Rc8 0-1

[Event "Open B Estate Alfieri"]
[Site "Torino ITA"]
[Date "2011.06.21"]
[Round "7"]
[White "Cavezzana, Davide"]
[Black "Trusso Cafarello, Sebastiano"]
[Result "0-1"]
[WhiteElo "1741"]
[BlackElo "1697"]
[PlyCount "88"]
[EventDate "2011.05.03"]

1. e4 g6 2. d4 c6 3. Nf3 d5 4. e5 Bf5 5. Be3 e6 6. Nbd2 h5 7. Be2 Nd7 8. Nb3
Rc8 9. Rc1 a5 10. Bd3 Bxd3 11. Qxd3 Bh6 12. O-O Bxe3 13. Qxe3 Nh6 14. c4 Nf5
15. Qd2 a4 16. Na1 dxc4 17. Rxc4 Nb6 18. Rcc1 Ra8 19. Nc2 Nd5 20. Na3 Kf8 21.
Rc5 Kg7 22. Rfc1 Ra6 23. Rd1 Qe7 24. Ra5 Rha8 25. Rxa6 Rxa6 26. Nc2 Rb6 27.
Nce1 a3 28. b3 Qb4 29. Nc2 Qxd2 30. Rxd2 Ra6 31. Kf1 Ra5 32. g3 Nc3 33. Nb4 Ra8
34. Rd3 Nb5 35. Nc2 Rd8 36. b4 Ra8 37. Ke2 Ra4 38. Nd2 Ne7 39. Nc4 Nd5 40. Rb3
Ndc3+ 41. Kd2 Nxa2 42. Na5 Nxb4 43. Nxb7 Nxc2 44. Kxc2 Nxd4+ 0-1

[Event "Open B Estate Alfieri"]
[Site "Torino ITA"]
[Date "2011.06.21"]
[Round "7"]
[White "Fassio, Francesco"]
[Black "Iacomussi, Mario"]
[Result "1-0"]
[WhiteElo "1661"]
[BlackElo "1755"]
[PlyCount "105"]
[EventDate "2011.05.03"]

1. c4 c5 2. Nc3 Nf6 3. e4 d6 4. Nf3 Nc6 5. d3 g6 6. Be2 Bg7 7. O-O O-O 8. h3 a6
9. a3 Rb8 10. Rb1 b5 11. cxb5 axb5 12. b4 cxb4 13. axb4 Ng4 14. d4 Nf6 15. d5
Na7 16. Be3 Rb7 17. Qd2 Nd7 18. Bd4 Ne5 19. Nxe5 Bxe5 20. Bxe5 dxe5 21. Nd1 Nc6
22. Ne3 Nd4 23. f4 Nxe2+ 24. Qxe2 exf4 25. Rxf4 e6 26. Ng4 Qb6+ 27. Kh1 f5 28.
Rbf1 exd5 29. exd5 Qd6 30. Nh6+ Kg7 31. Ng4 g5 32. Qb2+ Kg8 33. R4f2 Rbf7 34.
Ne5 Re7 35. Nc6 Re3 36. Re2 Rfe8 37. Rfe1 f4 38. Qd2 Rxe2 39. Rxe2 Kf7 40. Rxe8
Kxe8 41. Qe2+ Kf7 42. Qxb5 h5 43. Qc5 Qf6 44. Qa7+ Ke8 45. b5 f3 46. Qe3+ Kd7
47. Qxf3 Qxf3 48. gxf3 Kd6 49. Kg2 Bb7 50. Kg3 h4+ 51. Kg2 Kxd5 52. Nd8 Bc8 53.
b6 1-0

[Event "Open B Estate Alfieri"]
[Site "Torino ITA"]
[Date "2011.06.21"]
[Round "7"]
[White "Zanella, Wainer"]
[Black "Vozza, Augusto"]
[Result "1/2-1/2"]
[WhiteElo "1668"]
[BlackElo "1566"]
[PlyCount "80"]
[EventDate "2011.05.03"]

1. d4 d5 2. e4 c6 3. Nc3 dxe4 4. f3 e3 5. Bxe3 Nf6 6. Qd2 Bf5 7. Nge2 e6 8.
O-O-O Bb4 9. g4 Bg6 10. Nf4 Nd5 11. Nfxd5 cxd5 12. a3 Ba5 13. h4 h5 14. gxh5
Bxh5 15. Qg2 g6 16. Bg5 Qd7 17. Bf6 Rg8 18. Ne2 Bd8 19. Bxd8 Qxd8 20. Nf4 Rh8
21. Bb5+ Nc6 22. Qe2 Qd6 23. Qe3 O-O-O 24. Rd3 Kb8 25. Re1 Rd7 26. Rc3 Rc8 27.
Nd3 Rdc7 28. Nc5 Ka8 29. Kb1 Nxd4 30. Nxb7 Kxb7 31. Rxc7+ Rxc7 32. Qxd4 Qc5 33.
Qa4 Qb6 34. f4 Bg4 35. Bd3 Bf5 36. Bxf5 exf5 37. Re5 Qc6 38. Qb3+ Kc8 39. Rxd5
Qc4 40. Qxc4 Rxc4 1/2-1/2